Video, TV and Radio in the English Class : An introductory guide

Αποθηκεύτηκε σε:
Λεπτομέρειες βιβλιογραφικής εγγραφής
Κύριος συγγραφέας: Tomalin, Barry 1942-
Μορφή: Βιβλίο
Γλώσσα:English
Δημοσίευση: London, Basingstoke : Macmillan, 1991
Θέματα:
Ετικέτες: Προσθήκη ετικέτας
Δεν υπάρχουν, Καταχωρήστε ετικέτα πρώτοι!

MARC

LEADER 00000nam a2200000 i 4500
001 1/20041
008 930820s1991 eng d
020 |a 0-333-35024-3 
035 |l 10021477 
040 |a GR-MY-UA  |b gre  |e aacr 
041 0 |a eng 
082 0 |a 428.24078 
100 1 |a Tomalin, Barry  |d 1942- 
245 1 0 |a Video, TV and Radio in the English Class :  |b An introductory guide /  |c Barry Tomalin 
260 |a London, Basingstoke :   |b Macmillan,   |c 1991 
300 |c 24cm 
650 0 0 |a English language  |x Study and teaching  |x Foreign speakers. 
650 0 0 |a English language  |x Study and teaching  |x Audio-visual instruction. 
852 |a INST  |b CHIOS  |e 19930820  |h 428.24078 TOM  |p 005200004955  |q 005200004955  |t BK  |y 0 
909 |a Χ  |b 024174